Quiz Football Saison 2021-2022 #1 - Statistiques

Statistiques générales
  • Ce quiz a été pris 7 191 fois
  • Le résultat moyen est 8 sur 15
Statistiques - réponses
Question Réponse % Correct
Quel joueur norvégien quitte le Borussia Dortmund pour rejoindre Manchester City ? Erling Haaland
81%
Quelle équipe a remporté la Ligue des Champions ?
79%
Qu'est ce qui est vert et qui descend ? Saint-Etienne
77%
Avec quelle équipe le Special One, José Mourinho, a remporté l'Europa Conference League ? AS Rome
75%
Quel joueur surnommé "La Joya" quitte la Juventus Turin cette été ? Paulo Dybala
73%
Quel est le top 5 final de la Ligue 1 ? Paris-Marseille-Monaco-Rennes-Nice
64%
Quelle équipe emblématique de Bundesliga est promu dans la 1ere division ? Schalke 04
59%
Quelle équipe a remporté la Liga ? Real Madrid
57%
Quel joueur a réalisé un sprint incroyable en traversant tout le terrain pour marquer a permis à l'AC Milan de remporter le Scudetto ? Theo Hernandez
55%
Quel club a remporté l'UEFA Europa League ? Francfort
54%
Qui est le meilleur buteur en Europe cette saison TCC ? Robert Lewandowski
33%
Quel joueur est élu meilleur joueur d'Europa League ? Filip Kostić
31%
Quel entraîneur a remporté le prix UNFP de meilleur entraîneur de Ligue 1 de la saison ? Bruno Génésio
20%
Quel joueur finit meilleur passeur de Premier League ? Mohamed Salah
12%
Quel joueur français est le meilleur passeur de Liga ? Ousmane Dembelé
9%
Aucun quiz correspondant
Distribution des résultats
% des personnes avec chaque résultat
Percentile par nombre de réponses
Votre historique - résultats
Vous n’avez pas pris ce quiz